000 02098nam a22001577a 4500
082 _a670
100 _aTahir, Hamza
_9119669
245 _aExperimental Investigation of a Mini Turbofan Engine with Respect to Turbojet for its Thrust Modulation /
_cHamza Tahir
264 _aIslamabad :
_bSMME- NUST;
_c2019.
300 _a59p.
_bSoft Copy
_c30cm
520 _aGas turbine engines have been used in power houses, ships and aircrafts in general for propulsion. They are extremely powerful for their size and have very high thermal efficiency. Large airliners and military aircrafts use turbofans while small scale aircrafts such as mini UAVs and ultralight jet still use turbojets which are not as fuel efficient as turbofans. The purpose of this research is to investigate whether a mini turbofan should be developed for UAVs or not. Would it be more fuel efficient than the similar sized-turbojet as is the case in large scale turbofans? For this purpose, a mini turbofan was developed by taking off-the-shelf turbojet, installed a fan on the turbojet via a secondary turbine and a gearbox. A K60-TP engine manufactured by KingTech was used. A fan was attached to the engine inside a shroud and mounted on a test stand. The engine was run at different throttle positions where the fan’s RPM, fuel consumption, and thrust were recorded. With the available data, the Thrust Specific Fuel Consumption (TSFC) was calculated and was compared to a turbojet of the comparable size and thrust. It was observed that the turbofan came out to be 38% more fuel efficient than the turbojet. The results indicate that a mini turbofan would be more economical to operate than a turbojet of its comparable size, hence development of mini turbofan engines for commercial purpose is desirous. Mini turbofans, if commercially produced, would eventually phase out mini turbojets currently in use.
650 _aMS Design and Manufacturing Engineering
_9119567
700 _aSupervisor : Dr. Emad Uddin
_9119529
856 _uhttp://10.250.8.41:8080/xmlui/handle/123456789/35543
942 _2ddc
_cTHE
999 _c607311
_d607311